|
|
|
|
| LEADER |
00000cam a2200000 7i4500 |
| 001 |
0000006603 |
| 005 |
20241001.0 |
| 008 |
000210 nyua eng |
| 020 |
|
|
|a 0684860384
|
| 040 |
|
|
|a INS
|b eng
|e rda
|
| 090 |
0 |
0 |
|a HF5415.13
|b .K638 1999
|
| 100 |
1 |
|
|a Kotler, Philip ,
|e author
|
| 245 |
1 |
0 |
|a Kotler on marketing :
|b how to create, win and dominate markets
|c Philip Kotler
|
| 264 |
|
1 |
|a New York :
|b Free Press
|c 1999
|
| 300 |
|
|
|a 257 pages :
|b illustrations ;
|c 24 cm.
|
| 336 |
|
|
|a text
|2 rdacontent
|
| 337 |
|
|
|a unmediated
|2 rdamedia
|
| 338 |
|
|
|a volume
|2 rdacarrier
|
| 504 |
|
|
|a Includes bibliographical references and index
|
| 650 |
|
0 |
|a Marketing
|x Management
|
| 999 |
|
|
|a 0000007596
|b BOOK
|c Open Shelf
|e Default branch
|